| 000 | 02781cam a2200721 4500 | ||
|---|---|---|---|
| 001 | 21894 | ||
| 003 | VRT | ||
| 005 | 20260313182209.0 | ||
| 008 | 221102s2022 xo af a 000 j slo | ||
| 015 | _aSNBA2025/06 | ||
| 020 |
_a9788082340122 _q(viazané) |
||
| 039 | 9 |
_a202506250759 _bAUTHORITY _c202506190902 _dmsnk176 _c202505261515 _dmsnk04 _c202401241150 _dmbin01 |
|
| 040 |
_aSVKPO _bslo _cSVKPO _dSNK _erda |
||
| 041 | 0 | _aslo | |
| 044 |
_axo _cSK |
||
| 072 | 7 |
_a821.162.4-3 _xSlovenská próza _2konspekt |
|
| 072 | 7 |
_a821-93 _xLiteratúra pre deti a mládež (beletria) _2konspekt |
|
| 072 | 7 |
_a0/9-053.2 _xLiteratúra pre deti a mládež (náučná) _2konspekt |
|
| 080 |
_a595.76 _22011 |
||
| 080 |
_a502.521 _22011 |
||
| 080 |
_a502:37.015.311 _22011 |
||
| 080 |
_a821.162.4-32 _22011 |
||
| 080 |
_a(0.025.2) _22011 |
||
| 080 |
_a591.149 _22011 |
||
| 080 |
_a82-93-053.4/.5 _22011 |
||
| 080 |
_a82-93-053.2 _22011 |
||
| 100 | 1 |
_aSmatana, Simona, _d1988- _4aut _4ill _4bkd |
|
| 245 | 1 | 0 |
_aHovnivál Hugo _cSimona Smatana |
| 250 | _aVydanie prvé | ||
| 264 | 1 |
_a[Bratislava] _bMonokel _c2022 |
|
| 300 |
_a37 nečíslovaných strán _bilustrácie, ilustrované listy _c20 cm |
||
| 336 |
_atext _btxt _2rdacontent |
||
| 336 |
_astatický obraz _bsti _2rdacontent |
||
| 337 |
_abez média _bn _2rdamedia |
||
| 338 |
_azväzok _bnc _2rdacarrier |
||
| 500 | _aMiesto vydania podľa NA ISBN | ||
| 521 | 8 | _aPre čitateľov a čitateľky od 3 rokov do 100 rokov | |
| 650 | 0 | 7 |
_achrobáky _2SNKPH |
| 650 | 0 | 7 |
_aexkrementy _2SNKPH |
| 650 | 0 | 7 |
_aúrodnosť pôdy _2SNKPH |
| 650 | 0 | 7 |
_aenvironmentálna výchova a vzdelávanie _2SNKPH |
| 650 | 0 | 7 |
_aBeetles _2SNKPHeng |
| 650 | 0 | 7 |
_aExcrements _2SNKPHeng |
| 650 | 0 | 7 |
_aSoil fertility _2SNKPHeng |
| 650 | 0 | 7 |
_aEnvironmental education _2SNKPHeng |
| 655 | 7 |
_aslovenské príbehy _2SNKPH |
|
| 655 | 7 |
_apublikácie pre deti _2SNKPH |
|
| 655 | 7 |
_ailustrované publikácie _2SNKPH |
|
| 655 | 7 |
_aliteratúra pre deti _2SNKPH |
|
| 655 | 7 |
_aSlovak stories _2SNKPHeng |
|
| 655 | 7 |
_aChildren's literature _2SNKPHeng |
|
| 655 | 7 |
_aPublications for children _2SNKPHeng |
|
| 655 | 7 |
_aIllustrated publications _2SNKPHeng |
|
| 711 | 2 |
_aNajkrajšie knihy Slovenska _n(XXXI. (59.) : _d2022 _cBratislava, Slovensko). _eKategória: Literatúra pre deti a mládež |
|
| 711 | 2 |
_aBienále ilustrácií Bratislava _n(29. : _d2023 : _cBratislava, Slovensko). _eCena primátora Bratislavy BIB 2023 |
|
| 942 |
_2ddc _cKLDE _n0 |
||
| 949 |
_617A1574445 _asnkSD 93339 _bsnk2025/8477 _o690/2025 |
||
| 949 |
_63870A28082 _abinNKS 2022/12 _bbin28082 |
||
| 949 |
_63870A28382 _abinBIB 23/281/I _bbin28382 |
||
| 949 |
_63870A28383 _abinBIB 23/281/II _bbin28383 |
||
| 949 |
_6273K0675298 _asvkpoA 251344 _bsvkpo665941 |
||
| 999 |
_c21894 _d21894 |
||